000 00641nam a22001697a 4500
999 _c14828
_d14828
008 200109b ||||| |||| 00| 0 eng d
082 _22019
_aUT 1400
_bD25
100 _aDarunday, Honey Lou P.
_941160
245 _aTeachers' Traits and Pupils' Motivation in the 6th Grade Level/
_cHoney Lou P. Darunday, Clair L. Masaglang and Gerlene B. Medillo
260 _aDigos City
_bUMDC
_cDecemeber 2019
300 _a49 pages
_c30cm
650 _aEducation
_vElementary
_xUndergraduate Thesis
_941161
700 _aDarunday, Honey Lou P.
_941162
700 _aMasaglang, Clair L.
_941163
700 _aMedillo, Gerlene B.
_941164
942 _2ddc
_cUT